Responses for show #3096 - Monday, February 2, 1998

1998 Tournament of Champions quarterfinal game 1.

Contestants

Lyn Payne, a librarian from Orlando, Florida

Fred Ramen, an assistant editor from New York City, New York

Kim Worth, a freelance writer and stand-up comedian from Venice, California

Jeopardy! Round responses

WHAT'S MY LINE?
COLLEGE BOWL
HIGH ROLLERS
BLOCKBUSTERS
AMERICAN GLADIATORS
PYRAMID
    $100 25
"If you build it"

Fred
    $100 26
Harvard

Fred
    $100 11
(L: What is Las Vegas?)
(F: What is Monaco?)
(K: What is Atlantic City?)

Monte Carlo

KimFredLyn
Triple Stumper
    $100 6
"Lethal Weapon"

Kim
    $100 1
General Norman Schwarzkopf

Fred
    $100 14
San Francisco

Kim
    $200 24
(L: What is "The light of the Silvery Moon?")

"The light of the moon"

FredLyn
    $200 27
Gold

Fred
    $200 12
Greek

Lyn
    $200 7
(K: Who is "Miss Doubtfire?")

"Mrs. Doubtfire"

KimFred
    $200 2
Douglas MacArthur

Fred
    $200 15
"Desperately Seeking Susan"

Lyn
    $300 22
(L: What is "Be there firstest with the mostest?")
(F: What is "Get there the firstest with the mostest?")

"Get there first with the most"

FredLyn
Triple Stumper
    $300 28
Tigers

Kim
    $300 19
Riverboats

Kim
    $500 8
"My Best Friend's Wedding"

Fred
    $300 3
Andrew Jackson

Fred
    $300 16
Chichen Itza

Fred
    $400 13
"Hope I die before I get old"

Kim
    $400 29
Gainesville

Lyn
    $400 20
(L: Who is Alcoholics Anonymous?)

Gamblers' Anonymous

FredLyn
    $400 9
"The Firm"

Lyn
    $400 4
George S. Patton

Kim
    $400 17
Ziggurat

Lyn
    $500 23
Mom's

Lyn
    $500 30
Texas A&M

Kim
    $500 21
Chico Marx

Kim
    $500 10
"The Last Crusade"

Fred
    $500 5
John "Black Jack" Pershing

Fred
    $500 18
Charles Ponzi

Fred

Scores at the first commercial break (after clue 13):

Kim Fred Lyn
$600 $2,200 $500

Scores at the end of the Jeopardy! Round:

Kim Fred Lyn
$2,300 $3,700 $1,100

Double Jeopardy! Round responses

WELCOME TO THE 1950S
GOODBYE TO 1997
AROUND THE WORLD
ACCENT ON COMEDY
POPES NAMED CLEM
LITERARY CROSSWORD CLUES "G"
    $200 30
Willie Mays

Fred
    $200 29
B-2 (Stealth Bomber)

Fred
    $200 7
Ecuador

Lyn
    $200 19
Gomer Pyle

Fred
    $200 25
Rome

Fred
    $200 6
Gulliver

Fred
    $400 14
Alfred Kinsey

Lyn
    $400 28
(F: What are Nicorette patches?)
(Alex: I do believe Nicorette is a different product.)

Nicotine Patches

Fred
Triple Stumper
    $400 18
Florence

Lyn
    $400 20
Latka Gravas

Fred
    $400 24
Black Death

Fred
    $400 5
Gruel

Lyn
    $600 11
Queens

Fred
    $600 15
Mexico

Kim
    $600 8
Fiji

Lyn
    $600 21
Arte Johnson

Kim
    $600 2
Jesuits

Lyn
    $600 1
"Ghosts"

Kim
    $800 12
Untouchables

Lyn
    $800 26
Manuel Noriega

Fred
    $800 9
Switzerland

Lyn
    $800 22
Gilda Radner

Lyn
    $800 16
Avignon

Lyn
    $800 3
Grendel

Lyn
    $2,000 13
(L: What is Chicago?)

Berlin

Lyn
    $1000 27
Tabitha Soren

Triple Stumper
    $1000 10
British Virgin Islands

Lyn
    $1000 23
Yakov Smirnoff

Fred
    $1,000 17
The Vulgate Bible

Lyn
    $1000 4
"Giants"

Lyn

Scores at the end of the Double Jeopardy! Round:

Kim Fred Lyn
$4,100 $7,500 $8,700

Final Jeopardy! Round responses

LEGAL EAGLES
KimWho was Darrow?
$4,100
FredWho was Darrow
$2,500
LynWho is Darrow
$6,301
Clarence Darrow

Final scores:

Kim Fred Lyn
$8,200 $10,000 $15,001
3rd place: $2,500 if eliminated 2nd place: $2,500 if eliminated Automatic semifinalist

Game dynamics:

Coryat scores:

Kim Fred Lyn
$4,100 $7,300 $10,700
11 R,
2 W
24 R
(including 1 DD),
3 W
20 R
(including 1 DD),
5 W
(including 1 DD)

Combined Coryat: $22,100

The J! Archive is created by fans, for fans. The Jeopardy! game show and all elements thereof, including but not limited to copyright and trademark thereto, are the property of Jeopardy Productions, Inc. and are protected under law. This website is not affiliated with, sponsored by, or operated by Jeopardy Productions, Inc. Join the discussion at JBoard.tv.